000 00535nam a2200181Ia 4500
005 20250326123655.0
008 250326s9999 xx 000 0 und d
037 _aTextbook
040 _aFMSL
_beng
_cFMSL
041 _aeng
_2eng
084 _aX8(J):545.44 M8
_qFMSL
100 _aCosta G C
_9735776
245 0 _aExports of agricultural commodities from India
_cCosta G C; Gaddamwar S B
260 _aDelhi
_bDelhi, Himalaya
_c1988
300 _a170p
942 _cTB
_hX8(J):545.44 M8
999 _c1270442
_d1270442